| 000 | 00915cam a2200253 a 4500 | ||
|---|---|---|---|
| 001 | 000005933 | ||
| 005 | 20200929151840.0 | ||
| 008 | 921125s1992 sp 001 p spa d | ||
| 020 | _a8478201122 | ||
| 040 |
_aDO-SdBNP _cAzU _dDLC |
||
| 050 | 0 | 4 |
_aPQ6655.S68 _bL34 1992 |
| 082 |
_a861.6 _bE77L |
||
| 100 | 1 |
_aEsquillor, Mariano, _d1919- _916724 |
|
| 245 | 1 | 0 |
_aLagunas despiertas : _btrovador aturdido / _cMariano Esquillor. |
| 260 |
_aZaragoza, España : _bInstitución Fernando el Católico, _c1992. |
||
| 300 |
_a91 p. ; _c25 cm. |
||
| 490 | 1 |
_a"San Jorge" _vvol. 62 |
|
| 490 | 1 |
_aPublicacion de la Institucion "Fernando el Catolico" _vno. 1290. |
|
| 650 | 4 |
_aPoesía española _9631 |
|
| 650 | 4 |
_aLiteratura española _ySIGLO XXI _94846 |
|
| 830 | 0 |
_a"San Jorge" ; _vvol. 62 _914363 |
|
| 830 | 0 |
_aPublicacin de la Institución "Fernando el Católico" ; _vno. 1290. _916725 |
|
| 910 | _aCatalogación por copia / LC | ||
| 999 |
_c5729 _d5729 |
||